[Event "50+ German Senior Championship"]
[Site "Magdeburg"]
[Date "2021.07.25"]
[Round "3"]
[White "Heck, Norbert"]
[Black "Danielsen, Henrik"]
[Result "1/2-1/2"]
[Board "1"]
[WhiteElo "2230"]
[WhiteTitle "FM"]
[WhiteCountry "GER"]
[WhiteFideId "4622928"]
[WhiteEloChange "7"]
[BlackElo "2516"]
[BlackTitle "GM"]
[BlackCountry "ISL"]
[BlackFideId "1400185"]
[BlackEloChange "-3"]

1. d4 {[%clk 1:30:55]} d6 {[%clk 1:30:38]} 2. Nf3 {[%clk 1:30:49]} g6 {[%clk
1:30:51]} 3. e4 {[%clk 1:30:46]} Nf6 {[%clk 1:30:59]} 4. Nc3 {[%clk 1:30:51]} Bg7
{[%clk 1:31:26]} 5. Bc4 {[%clk 1:29:37]} O-O {[%clk 1:27:00]} 6. Qe2 {[%clk
1:29:57]} c6 {[%clk 1:26:28]} 7. Bb3 {[%clk 1:28:40]} Bg4 {[%clk 1:26:39]} 8. h3
{[%clk 1:28:32]} Bxf3 {[%clk 1:26:39]} 9. Qxf3 {[%clk 1:28:54]} Nbd7 {[%clk
1:27:09]} 10. Be3 {[%clk 1:28:27]} a5 {[%clk 1:26:42]} 11. a4 {[%clk 1:27:55]} e6
{[%clk 1:26:06]} 12. O-O {[%clk 1:26:50]} d5 {[%clk 1:25:34]} 13. Bf4 {[%clk
1:25:27]} Nxe4 {[%clk 1:24:21]} 14. Nxe4 {[%clk 1:25:44]} dxe4 {[%clk 1:24:33]}
15. Qxe4 {[%clk 1:25:53]} Nf6 {[%clk 1:24:27]} 16. Qe3 {[%clk 1:23:05]} Nd5
{[%clk 1:24:04]} 17. Bxd5 {[%clk 1:23:28]} Qxd5 {[%clk 1:23:23]} 18. c3 {[%clk
1:22:33]} Rfd8 {[%clk 1:22:20]} 19. Rfe1 {[%clk 1:21:37]} Rd7 {[%clk 1:18:34]}
20. Be5 {[%clk 1:19:39]} Bxe5 {[%clk 1:17:36]} 21. Qxe5 {[%clk 1:19:55]} Qb3
{[%clk 1:16:13]} 22. Qe2 {[%clk 1:17:10]} Rad8 {[%clk 1:12:04]} 23. Ra3 {[%clk
1:13:19]} Qb6 {[%clk 1:12:07]} 24. b4 {[%clk 1:03:01]} axb4 {[%clk 1:10:40]} 25.
Rb3 {[%clk 1:03:19]} Qa7 {[%clk 1:08:35]} 26. Rxb4 {[%clk 1:03:23]} c5 {[%clk
1:08:56]} 27. dxc5 {[%clk 1:03:07]} Qxc5 {[%clk 1:09:24]} 28. Qe3 {[%clk
0:54:55]} Qc6 {[%clk 1:09:08]} 29. Reb1 {[%clk 0:51:25]} Rd3 {[%clk 1:08:07]} 30.
Qb6 {[%clk 0:44:42]} Qxc3 {[%clk 1:06:04]} 31. Qxb7 {[%clk 0:44:02]} Rd1+ {[%clk
1:06:04]} 32. Rxd1 {[%clk 0:45:00]} Rxd1+ {[%clk 1:06:31]} 33. Kh2 {[%clk
0:44:05]} Qe5+ {[%clk 1:06:32]} 34. f4 {[%clk 0:42:34]} Qe1 {[%clk 1:01:51]} 35.
Qb8+ {[%clk 0:38:51]} Kg7 {[%clk 1:02:46]} 36. Qe5+ {[%clk 0:39:08]} Qxe5 {[%clk
1:03:14]} 37. fxe5 {[%clk 0:39:08]} Rd5 {[%clk 0:59:17]} 38. Rb5 {[%clk 0:39:25]}
Rd4 {[%clk 0:59:17]} 39. a5 {[%clk 0:38:54]} Ra4 {[%clk 1:00:11]} 40. Kg3 {[%clk
0:38:48]} g5 {[%clk 1:00:11]} 41. Kf3 {[%clk 0:34:58]} h5 {[%clk 1:00:56]} 42. g4
{[%clk 0:32:31]} h4 {[%clk 1:00:11]} 43. Kg2 {[%clk 0:31:20]} Ra3 {[%clk
0:58:39]} 44. Rc5 {[%clk 0:30:31]} Rg3+ {[%clk 0:54:12]} 45. Kh2 {[%clk 0:30:00]}
Rf3 {[%clk 0:54:34]} 46. Kg2 {[%clk 0:30:43]} Rf4 {[%clk 0:55:02]} 47. Rb5 {[%clk
0:30:34]} Kg6 {[%clk 0:54:39]} 48. Rc5 {[%clk 0:30:48]} Ra4 {[%clk 0:54:56]} 49.
Rb5 {[%clk 0:31:00]} Ra2+ {[%clk 0:55:05]} 50. Kg1 {[%clk 0:31:08]} Kg7 {[%clk
0:52:44]} 51. Rc5 {[%clk 0:31:12]} Kf8 {[%clk 0:51:44]} 52. Rc8+ {[%clk 0:31:20]}
Kg7 {[%clk 0:51:37]} 53. Rc5 {[%clk 0:31:42]} Rb2 {[%clk 0:52:01]} 54. Kh1 {[%clk
0:31:30]} Kh6 {[%clk 0:51:44]} 55. Kg1 {[%clk 0:31:50]} Kg6 {[%clk 0:52:12]} 56.
Kh1 {[%clk 0:31:32]} Ra2 {[%clk 0:52:00]} 57. Kg1 {[%clk 0:31:52]} Rd2 {[%clk
0:47:37]} 58. Rb5 {[%clk 0:30:09]} Kg7 {[%clk 0:47:51]} 59. Rc5 {[%clk 0:29:49]}
Ra2 {[%clk 0:47:28]} 60. Rb5 {[%clk 0:30:10]} Kg6 {[%clk 0:45:45]} 61. Rc5 {[%clk
0:30:31]} f6 {[%clk 0:44:20]} 62. exf6 {[%clk 0:30:46]} Kxf6 {[%clk 0:44:48]} 63.
Rb5 {[%clk 0:30:57]} Ra1+ {[%clk 0:45:15]} 64. Kg2 {[%clk 0:31:53]} Ra2+ {[%clk
0:45:15]} 65. Kg1 Ra1+ {[%clk 0:45:15]} 66. Kg2 Ra2+ {[%clk 0:45:15]} 1/2-1/2

[Event "50+ German Senior Championship"]
[Site "Magdeburg"]
[Date "2021.07.25"]
[Round "3"]
[White "Juegel, Marcel"]
[Black "Pirrot, Dieter"]
[Result "0-1"]
[Board "2"]
[WhiteElo "2207"]
[WhiteCountry "GER"]
[WhiteFideId "24621625"]
[WhiteEloChange "-7"]
[BlackElo "2315"]
[BlackTitle "IM"]
[BlackCountry "GER"]
[BlackFideId "4601157"]
[BlackEloChange "7"]

1. d4 {[%clk 1:28:54]} d5 {[%clk 1:30:36]} 2. Nc3 {[%clk 1:29:10]} Nf6 {[%clk
1:30:57]} 3. Bf4 {[%clk 1:29:10]} a6 {[%clk 1:31:19]} 4. e3 {[%clk 1:29:29]} e6
{[%clk 1:30:49]} 5. Bd3 {[%clk 1:28:02]} c5 {[%clk 1:30:49]} 6. dxc5 {[%clk
1:28:02]} Bxc5 {[%clk 1:30:13]} 7. Nf3 {[%clk 1:24:39]} Nc6 {[%clk 1:29:42]} 8.
O-O {[%clk 1:21:26]} b5 {[%clk 1:22:00]} 9. a3 {[%clk 1:17:30]} Bb7 {[%clk
1:18:21]} 10. e4 {[%clk 1:12:07]} d4 {[%clk 1:07:58]} 11. Ne2 {[%clk 1:09:31]}
Nh5 {[%clk 1:00:47]} 12. Bg5 {[%clk 1:09:02]} f6 {[%clk 0:59:15]} 13. Bd2 {[%clk
1:02:48]} g6 {[%clk 0:54:22]} 14. b4 {[%clk 0:59:19]} Bb6 {[%clk 0:50:36]} 15. a4
{[%clk 0:51:43]} bxa4 {[%clk 0:48:12]} 16. Rxa4 {[%clk 0:51:44]} O-O {[%clk
0:44:55]} 17. Qa1 {[%clk 0:49:54]} Ne5 {[%clk 0:31:13]} 18. Nxe5 {[%clk 0:43:35]}
fxe5 {[%clk 0:31:33]} 19. Qa2 {[%clk 0:41:59]} Qd6 {[%clk 0:23:27]} 20. g3 {[%clk
0:40:59]} Nf6 {[%clk 0:17:50]} 21. f3 {[%clk 0:35:21]} Kg7 {[%clk 0:17:19]} 22.
Kg2 {[%clk 0:35:25]} Rf7 {[%clk 0:14:03]} 23. b5 {[%clk 0:32:03]} a5 {[%clk
0:10:26]} 24. Bc1 {[%clk 0:29:00]} Raf8 {[%clk 0:08:38]} 25. Ba3 {[%clk 0:29:19]}
Bc5 {[%clk 0:09:03]} 26. Bxc5 {[%clk 0:28:21]} Qxc5 {[%clk 0:09:27]} 27. Re1
{[%clk 0:22:11]} Nd5 {[%clk 0:08:04]} 28. Ng1 {[%clk 0:20:20]} Nc3 {[%clk
0:05:54]} 29. Rc4 {[%clk 0:19:28]} Qb6 {[%clk 0:04:41]} 30. Qb3 {[%clk 0:18:04]}
a4 {[%clk 0:03:08]} 31. Qb2 {[%clk 0:17:05]} Qd8 {[%clk 0:01:59]} 32. Rxc3 {[%clk
0:16:18]} dxc3 {[%clk 0:02:21]} 33. Qxc3 {[%clk 0:16:42]} Qd4 {[%clk 0:02:13]}
34. Qxd4 {[%clk 0:12:20]} exd4 {[%clk 0:02:35]} 35. Ra1 {[%clk 0:12:31]} Ra8
{[%clk 0:02:46]} 36. Ne2 {[%clk 0:12:18]} e5 {[%clk 0:02:56]} 37. f4 {[%clk
0:12:34]} Kf6 {[%clk 0:02:23]} 38. Nc1 {[%clk 0:09:18]} Rc7 {[%clk 0:01:31]} 39.
h4 {[%clk 0:07:56]} h6 {[%clk 0:01:46]} 40. Na2 {[%clk 0:07:45]} exf4 {[%clk
0:01:29]} 41. gxf4 {[%clk 0:07:25]} g5 {[%clk 0:24:47]} 42. fxg5+ {[%clk
0:28:52]} hxg5 {[%clk 0:25:07]} 43. Rf1+ {[%clk 0:28:39]} Kg6 {[%clk 0:25:24]}
44. h5+ {[%clk 0:26:10]} Kxh5 {[%clk 0:23:57]} 45. Rf6 {[%clk 0:26:35]} Re8
{[%clk 0:20:37]} 46. b6 {[%clk 0:18:10]} Rc6 {[%clk 0:17:22]} 47. Be2+ {[%clk
0:16:08]} g4 {[%clk 0:17:42]} 48. Rf5+ {[%clk 0:16:10]} Kg6 {[%clk 0:15:41]} 49.
Nb4 {[%clk 0:10:22]} Rxe4 {[%clk 0:14:43]} 50. Bb5 {[%clk 0:02:31]} Rxb6 {[%clk
0:13:43]} 51. Nd5 {[%clk 0:00:50]} 0-1

[Event "50+ German Senior Championship"]
[Site "Magdeburg"]
[Date "2021.07.25"]
[Round "3"]
[White "Kersten, Uwe"]
[Black "Schoengart, Ralf"]
[Result "1-0"]
[Board "3"]
[WhiteElo "2252"]
[WhiteTitle "IM"]
[WhiteCountry "GER"]
[WhiteFideId "4615646"]
[WhiteEloChange "6"]
[BlackElo "2084"]
[BlackCountry "GER"]
[BlackFideId "4637267"]
[BlackEloChange "-6"]

1. e4 {[%clk 1:30:56]} c6 {[%clk 1:30:14]} 2. d4 {[%clk 1:30:59]} d5 {[%clk
1:30:36]} 3. Nc3 {[%clk 1:31:09]} dxe4 {[%clk 1:30:56]} 4. Nxe4 {[%clk 1:31:32]}
Nf6 {[%clk 1:31:17]} 5. Nxf6+ {[%clk 1:31:27]} gxf6 {[%clk 1:31:34]} 6. c3 {[%clk
1:31:07]} Bf5 {[%clk 1:31:12]} 7. Nf3 {[%clk 1:31:22]} Qc7 {[%clk 1:29:30]} 8. g3
{[%clk 1:31:17]} e6 {[%clk 1:28:42]} 9. Bg2 {[%clk 1:31:33]} Nd7 {[%clk 1:28:33]}
10. O-O {[%clk 1:31:26]} Be7 {[%clk 1:27:36]} 11. Bf4 {[%clk 1:23:54]} Qb6 {[%clk
1:25:32]} 12. Qe2 {[%clk 1:17:20]} Bg6 {[%clk 1:20:19]} 13. Bh6 {[%clk 1:10:01]}
a5 {[%clk 1:16:26]} 14. c4 {[%clk 1:03:59]} Qa6 {[%clk 1:09:14]} 15. Rac1 {[%clk
1:01:17]} c5 {[%clk 0:51:42]} 16. Rfd1 {[%clk 0:54:40]} Rc8 {[%clk 0:41:43]} 17.
Bh3 {[%clk 0:47:06]} Bh5 {[%clk 0:39:24]} 18. Bg2 {[%clk 0:30:59]} cxd4 {[%clk
0:35:47]} 19. Rxd4 {[%clk 0:30:19]} Ne5 {[%clk 0:32:34]} 20. Rh4 {[%clk 0:27:41]}
Bxf3 {[%clk 0:29:11]} 21. Bxf3 {[%clk 0:28:08]} Nxf3+ {[%clk 0:28:40]} 22. Qxf3
{[%clk 0:28:36]} f5 {[%clk 0:28:30]} 23. Qc3 {[%clk 0:22:00]} Rg8 {[%clk
0:27:14]} 24. Rh5 {[%clk 0:22:09]} Bb4 {[%clk 0:25:58]} 25. Qe5 {[%clk 0:18:23]}
Bd6 {[%clk 0:25:34]} 26. Qe2 {[%clk 0:18:01]} Rg6 {[%clk 0:14:07]} 27. Bd2 {[%clk
0:17:28]} f4 {[%clk 0:12:47]} 28. Rxh7 {[%clk 0:11:16]} fxg3 {[%clk 0:12:43]} 29.
hxg3 {[%clk 0:11:41]} Rc5 {[%clk 0:10:53]} 30. Rc3 {[%clk 0:10:11]} Be5 {[%clk
0:05:21]} 31. Rf3 {[%clk 0:07:44]} Bf6 {[%clk 0:05:35]} 32. b3 {[%clk 0:06:06]}
Qc6 {[%clk 0:04:57]} 33. Qd3 {[%clk 0:05:08]} e5 {[%clk 0:02:08]} 34. Bc3 {[%clk
0:02:28]} e4 {[%clk 0:00:42]} 35. Re3 {[%clk 0:02:48]} Bxc3 {[%clk 0:00:37]} 36.
Qxc3 {[%clk 0:02:55]} Rcg5 {[%clk 0:00:39]} 37. Rh8+ {[%clk 0:02:24]} Ke7 {[%clk
0:01:01]} 38. Qd4 {[%clk 0:02:20]} Rg4 {[%clk 0:00:37]} 39. Qd8+ {[%clk 0:00:46]}
Ke6 {[%clk 0:01:06]} 40. Re8+ {[%clk 0:00:43]} Kf5 {[%clk 0:01:27]} 41. Qxa5+
{[%clk 0:27:53]} Kf6 {[%clk 0:29:43]} 42. Qe5# {[%clk 0:27:53]} 1-0

[Event "50+ German Senior Championship"]
[Site "Magdeburg"]
[Date "2021.07.25"]
[Round "3"]
[White "Cmiel, Thorsten"]
[Black "Lentrodt, Thomas"]
[Result "1/2-1/2"]
[Board "4"]
[WhiteElo "2083"]
[WhiteTitle "FM"]
[WhiteCountry "GER"]
[WhiteFideId "4605721"]
[WhiteEloChange "4"]
[BlackElo "2243"]
[BlackTitle "FM"]
[BlackCountry "GER"]
[BlackFideId "4617720"]
[BlackEloChange "-4"]

1. Nf3 {[%clk 1:28:49]} d5 {[%clk 1:29:42]} 2. e3 {[%clk 1:28:37]} Nf6 {[%clk
1:28:44]} 3. c4 {[%clk 1:29:00]} e6 {[%clk 1:28:24]} 4. Nc3 {[%clk 1:26:21]} Be7
{[%clk 1:24:48]} 5. d4 {[%clk 1:21:19]} O-O {[%clk 1:22:42]} 6. a3 {[%clk
1:20:29]} b6 {[%clk 1:16:55]} 7. cxd5 {[%clk 1:14:46]} exd5 {[%clk 1:16:49]} 8.
Bd3 {[%clk 1:14:01]} Bb7 {[%clk 1:11:37]} 9. O-O {[%clk 1:11:56]} Nbd7 {[%clk
1:07:06]} 10. Bd2 {[%clk 1:05:24]} c5 {[%clk 0:55:49]} 11. Rc1 {[%clk 0:52:30]}
a6 {[%clk 0:46:45]} 12. dxc5 {[%clk 0:43:02]} bxc5 {[%clk 0:37:58]} 13. Na4
{[%clk 0:41:55]} Bd6 {[%clk 0:35:44]} 14. b4 {[%clk 0:41:28]} c4 {[%clk 0:33:46]}
15. Bc2 {[%clk 0:37:05]} Ne4 {[%clk 0:22:42]} 16. Be1 {[%clk 0:31:54]} Ndf6
{[%clk 0:15:03]} 17. Nc3 {[%clk 0:30:10]} Qc7 {[%clk 0:12:55]} 18. Ne2 {[%clk
0:25:20]} Rfd8 {[%clk 0:11:31]} 19. Ned4 {[%clk 0:23:35]} g6 {[%clk 0:11:18]} 20.
h3 {[%clk 0:19:36]} Qe7 {[%clk 0:10:20]} 21. Ba4 {[%clk 0:16:53]} Rac8 {[%clk
0:09:13]} 22. g3 {[%clk 0:14:03]} Nd7 {[%clk 0:07:54]} 23. Bxd7 {[%clk 0:13:52]}
Qxd7 {[%clk 0:08:10]} 24. Kg2 {[%clk 0:14:15]} Qe7 {[%clk 0:07:54]} 25. Qe2
{[%clk 0:10:32]} Re8 {[%clk 0:07:52]} 26. Nd2 {[%clk 0:09:09]} Nf6 {[%clk
0:07:22]} 27. N2f3 {[%clk 0:09:19]} Ne4 {[%clk 0:07:09]} 28. Nd2 {[%clk 0:09:15]}
Nf6 {[%clk 0:04:04]} 29. N2f3 {[%clk 0:09:41]} 1/2-1/2

[Event "50+ German Senior Championship"]
[Site "Magdeburg"]
[Date "2021.07.25"]
[Round "3"]
[White "Biebinger, Gerhard"]
[Black "Hater, Wolfgang, Dr."]
[Result "1-0"]
[Board "5"]
[WhiteElo "2236"]
[WhiteTitle "FM"]
[WhiteCountry "GER"]
[WhiteFideId "4603648"]
[WhiteEloChange "5"]
[BlackElo "2053"]
[BlackCountry "GER"]
[BlackFideId "12976865"]
[BlackEloChange "-5"]

1. d4 {[%clk 1:30:54]} d6 {[%clk 1:30:55]} 2. c4 {[%clk 1:31:06]} Nf6 {[%clk
1:31:17]} 3. Nc3 {[%clk 1:31:26]} Nbd7 {[%clk 1:31:42]} 4. e4 {[%clk 1:29:07]} e5
{[%clk 1:22:05]} 5. Nf3 {[%clk 1:29:26]} Be7 {[%clk 1:22:28]} 6. Be2 {[%clk
1:29:48]} O-O {[%clk 1:22:49]} 7. O-O {[%clk 1:30:09]} c6 {[%clk 1:23:15]} 8. Be3
{[%clk 1:29:47]} exd4 {[%clk 1:23:15]} 9. Nxd4 {[%clk 1:30:06]} Nc5 {[%clk
1:23:49]} 10. f3 {[%clk 1:30:09]} a5 {[%clk 1:24:09]} 11. Qd2 {[%clk 1:30:22]}
Qc7 {[%clk 1:24:15]} 12. Rfd1 {[%clk 1:25:26]} Re8 {[%clk 1:24:03]} 13. Bf1
{[%clk 1:10:14]} Bf8 {[%clk 1:12:53]} 14. b3 {[%clk 1:01:19]} g6 {[%clk 1:08:22]}
15. Rac1 {[%clk 0:59:45]} Nfd7 {[%clk 1:05:15]} 16. Kh1 {[%clk 0:56:03]} Ne5
{[%clk 0:58:38]} 17. h3 {[%clk 0:45:27]} f5 {[%clk 0:50:17]} 18. exf5 {[%clk
0:43:44]} gxf5 {[%clk 0:50:30]} 19. Bh6 {[%clk 0:36:19]} Qf7 {[%clk 0:41:37]} 20.
Bxf8 {[%clk 0:33:56]} Qxf8 {[%clk 0:41:37]} 21. f4 {[%clk 0:21:16]} Nf7 {[%clk
0:32:33]} 22. Bd3 {[%clk 0:19:51]} Ne4 {[%clk 0:25:07]} 23. Bxe4 {[%clk 0:20:05]}
fxe4 {[%clk 0:25:24]} 24. Re1 {[%clk 0:20:21]} Qh6 {[%clk 0:17:40]} 25. Rxe4
{[%clk 0:19:51]} Rxe4 {[%clk 0:14:31]} 26. Nxe4 {[%clk 0:20:16]} a4 {[%clk
0:14:26]} 27. Rc3 {[%clk 0:17:45]} axb3 {[%clk 0:14:09]} 28. Rxb3 {[%clk
0:13:47]} Kf8 {[%clk 0:12:15]} 29. Ng5 {[%clk 0:13:20]} Qg6 {[%clk 0:12:09]} 30.
Nxf7 {[%clk 0:11:29]} Kxf7 {[%clk 0:10:41]} 31. f5 {[%clk 0:11:35]} Qf6 {[%clk
0:10:35]} 32. Rf3 {[%clk 0:11:27]} Ra4 {[%clk 0:06:25]} 33. Ne6 {[%clk 0:07:04]}
Qa1+ {[%clk 0:04:23]} 34. Kh2 {[%clk 0:07:08]} Qe5+ {[%clk 0:04:49]} 35. g3
{[%clk 0:07:12]} Rxc4 {[%clk 0:03:11]} 36. Rf2 {[%clk 0:04:50]} Rc3 {[%clk
0:02:14]} 37. Qg5 {[%clk 0:04:57]} Qf6 {[%clk 0:02:33]} 38. Nd8+ {[%clk 0:04:51]}
1-0

[Event "50+ German Senior Championship"]
[Site "Magdeburg"]
[Date "2021.07.25"]
[Round "3"]
[White "Hansch, Torsten"]
[Black "Heller, Achim"]
[Result "1-0"]
[Board "6"]
[WhiteElo "2096"]
[WhiteTitle "CM"]
[WhiteCountry "GER"]
[WhiteFideId "4622600"]
[WhiteEloChange "7"]
[BlackElo "1997"]
[BlackCountry "GER"]
[BlackFideId "12901300"]
[BlackEloChange "-7"]

1. d4 {[%clk 1:30:57]} d5 {[%clk 1:30:52]} 2. c4 {[%clk 1:31:15]} c6 {[%clk
1:31:17]} 3. Nc3 {[%clk 1:31:33]} Nf6 {[%clk 1:31:40]} 4. e3 {[%clk 1:31:51]} e6
{[%clk 1:31:54]} 5. Nf3 {[%clk 1:32:17]} Nbd7 {[%clk 1:31:58]} 6. Be2 {[%clk
1:32:32]} Ne4 {[%clk 1:31:05]} 7. Nxe4 {[%clk 1:29:45]} dxe4 {[%clk 1:31:26]} 8.
Nd2 {[%clk 1:29:55]} f5 {[%clk 1:31:42]} 9. O-O {[%clk 1:26:04]} Bd6 {[%clk
1:31:24]} 10. c5 {[%clk 1:18:45]} Bc7 {[%clk 1:30:44]} 11. Qb3 {[%clk 1:18:02]}
Nf6 {[%clk 1:30:18]} 12. f3 {[%clk 1:16:55]} O-O {[%clk 1:27:17]} 13. fxe4 {[%clk
1:11:50]} fxe4 {[%clk 1:27:25]} 14. Nc4 {[%clk 1:02:57]} Bxh2+ {[%clk 1:19:17]}
15. Kxh2 {[%clk 1:03:26]} Ng4+ {[%clk 1:19:31]} 16. Kg1 {[%clk 0:55:37]} Rxf1+
{[%clk 1:14:27]} 17. Kxf1 {[%clk 0:56:05]} Qh4 {[%clk 0:57:45]} 18. Bxg4 {[%clk
0:56:12]} Qh1+ {[%clk 0:58:05]} 19. Ke2 {[%clk 0:40:39]} Qxg2+ {[%clk 0:57:46]}
20. Kd1 {[%clk 0:40:53]} Qxg4+ {[%clk 0:55:38]} 21. Kc2 {[%clk 0:41:21]} b6
{[%clk 0:46:18]} 22. Ne5 {[%clk 0:40:05]} Qg1 {[%clk 0:44:41]} 23. Rb1 {[%clk
0:33:16]} h5 {[%clk 0:36:32]} 24. Bd2 {[%clk 0:33:25]} Qg2 {[%clk 0:36:36]} 25.
cxb6 {[%clk 0:31:33]} axb6 {[%clk 0:36:36]} 26. Qc4 {[%clk 0:29:02]} c5 {[%clk
0:33:44]} 27. Qf1 {[%clk 0:24:42]} Qxf1 {[%clk 0:34:00]} 28. Rxf1 {[%clk
0:25:10]} Ba6 {[%clk 0:33:02]} 29. Rh1 {[%clk 0:25:15]} Be2 {[%clk 0:31:42]} 30.
dxc5 {[%clk 0:25:03]} bxc5 {[%clk 0:30:49]} 31. a3 {[%clk 0:25:16]} Rf8 {[%clk
0:30:06]} 32. Ng6 {[%clk 0:23:14]} Rf6 {[%clk 0:28:35]} 33. Nf4 {[%clk 0:23:31]}
Bf3 {[%clk 0:28:12]} 34. Rh2 {[%clk 0:24:00]} g5 {[%clk 0:27:46]} 35. Bc3 {[%clk
0:11:37]} Rh6 {[%clk 0:27:01]} 36. Nh3 {[%clk 0:11:53]} g4 {[%clk 0:17:02]} 37.
Ng5 {[%clk 0:12:21]} g3 {[%clk 0:15:46]} 38. Rd2 {[%clk 0:12:50]} Kf8 {[%clk
0:14:56]} 39. Be5 {[%clk 0:11:29]} g2 {[%clk 0:13:02]} 40. Nh3 {[%clk 0:11:37]}
Rg6 {[%clk 0:07:00]} 41. Ng1 {[%clk 0:08:28]} Ke8 {[%clk 0:03:59]} 42. a4 {[%clk
0:06:23]} Rg5 {[%clk 0:02:10]} 43. Bc7 {[%clk 0:01:38]} Rg7 {[%clk 0:24:03]} 44.
Rd8+ {[%clk 0:31:53]} Ke7 {[%clk 0:24:14]} 45. a5 {[%clk 0:31:45]} Kf6 {[%clk
0:23:50]} 46. Bb6 {[%clk 0:29:17]} h4 {[%clk 0:18:52]} 47. a6 {[%clk 0:28:41]}
Bg4 {[%clk 0:18:07]} 48. a7 {[%clk 0:27:59]} h3 {[%clk 0:17:45]} 49. Rh8 {[%clk
0:27:39]} Rg8 {[%clk 0:16:51]} 50. Rxg8 {[%clk 0:27:26]} h2 {[%clk 0:17:05]} 51.
a8=Q {[%clk 0:27:44]} hxg1=Q {[%clk 0:17:05]} 52. Qf8+ {[%clk 0:27:36]} Ke5
{[%clk 0:17:30]} 53. Qxc5+ {[%clk 0:27:39]} Kf6 {[%clk 0:17:38]} 54. Qg5+ {[%clk
0:28:05]} 1-0

[Event "50+ German Senior Championship"]
[Site "Magdeburg"]
[Date "2021.07.25"]
[Round "3"]
[White "Fiedler, Wolfgang"]
[Black "Wenner, Tobias"]
[Result "0-1"]
[Board "7"]
[WhiteElo "1982"]
[WhiteCountry "GER"]
[WhiteFideId "24615790"]
[WhiteEloChange "-6"]
[BlackElo "2117"]
[BlackTitle "CM"]
[BlackCountry "GER"]
[BlackFideId "4619714"]
[BlackEloChange "6"]

1. f4 {[%clk 1:30:56]} Nf6 {[%clk 1:30:51]} 2. Nf3 {[%clk 1:31:21]} g6 {[%clk
1:31:08]} 3. d4 {[%clk 1:31:45]} Bg7 {[%clk 1:31:24]} 4. c3 {[%clk 1:32:00]} O-O
{[%clk 1:31:34]} 5. e3 {[%clk 1:32:14]} d6 {[%clk 1:31:28]} 6. Bd3 {[%clk
1:32:39]} c5 {[%clk 1:29:43]} 7. O-O {[%clk 1:32:06]} Nc6 {[%clk 1:28:37]} 8. Bc2
{[%clk 1:32:09]} e5 {[%clk 1:22:23]} 9. dxc5 {[%clk 1:31:41]} dxc5 {[%clk
1:22:13]} 10. Qxd8 {[%clk 1:31:41]} Rxd8 {[%clk 1:22:23]} 11. fxe5 {[%clk
1:29:19]} Ng4 {[%clk 1:21:20]} 12. e4 {[%clk 1:28:59]} Ngxe5 {[%clk 1:14:43]} 13.
Nxe5 {[%clk 1:28:34]} Nxe5 {[%clk 1:13:30]} 14. Nd2 {[%clk 1:28:25]} Be6 {[%clk
0:59:17]} 15. Nf3 {[%clk 1:28:37]} Bc4 {[%clk 0:58:50]} 16. Re1 {[%clk 1:28:42]}
Nd3 {[%clk 0:57:19]} 17. Bxd3 {[%clk 1:26:58]} Bxd3 {[%clk 0:55:23]} 18. Bf4
{[%clk 1:27:07]} Re8 {[%clk 0:52:51]} 19. Bd6 {[%clk 1:26:53]} Bxe4 {[%clk
0:41:23]} 20. Bxc5 {[%clk 1:27:10]} Bxf3 {[%clk 0:41:07]} 21. gxf3 {[%clk
1:27:20]} b6 {[%clk 0:40:56]} 22. Bf2 {[%clk 1:26:39]} Bf6 {[%clk 0:31:28]} 23.
Rxe8+ {[%clk 1:27:41]} Rxe8 {[%clk 0:31:54]} 24. Re1 {[%clk 1:28:06]} Rd8 {[%clk
0:32:08]} 25. Kf1 {[%clk 1:28:07]} a6 {[%clk 0:24:04]} 26. Ke2 {[%clk 1:27:24]}
b5 {[%clk 0:22:56]} 27. Rd1 {[%clk 1:27:52]} Re8+ {[%clk 0:22:25]} 28. Kf1 {[%clk
1:27:35]} Re6 {[%clk 0:21:23]} 29. Re1 {[%clk 1:27:04]} Rc6 {[%clk 0:18:27]} 30.
Re8+ {[%clk 1:27:00]} Kg7 {[%clk 0:18:56]} 31. Rb8 {[%clk 1:27:21]} Be5 {[%clk
0:18:14]} 32. Rb6 {[%clk 1:26:21]} Rxb6 {[%clk 0:18:17]} 33. Bxb6 {[%clk
1:26:49]} Bxh2 {[%clk 0:18:28]} 34. b3 {[%clk 1:27:16]} Kf6 {[%clk 0:17:27]} 35.
c4 {[%clk 1:26:57]} bxc4 {[%clk 0:17:25]} 36. bxc4 {[%clk 1:27:26]} Ke6 {[%clk
0:17:28]} 37. Kg2 {[%clk 1:26:55]} Be5 {[%clk 0:13:29]} 38. Be3 {[%clk 1:26:37]}
h5 {[%clk 0:13:02]} 39. Kh3 {[%clk 1:26:25]} Bf6 {[%clk 0:08:28]} 40. f4 {[%clk
1:20:23]} Bd8 {[%clk 0:07:13]} 41. Kg3 {[%clk 1:19:20]} Kf5 {[%clk 0:04:33]} 42.
Kf3 {[%clk 1:19:45]} Bc7 {[%clk 0:04:21]} 43. Bd2 {[%clk 1:19:32]} f6 {[%clk
0:03:55]} 44. Be3 {[%clk 1:20:12]} g5 {[%clk 0:03:25]} 45. fxg5 {[%clk 1:20:36]}
fxg5 {[%clk 0:03:53]} 46. Ba7 {[%clk 1:21:00]} g4+ {[%clk 0:30:29]} 47. Kg2
{[%clk 1:51:22]} h4 {[%clk 0:26:14]} 48. c5 {[%clk 1:51:04]} Ke6 {[%clk 0:25:39]}
49. Bb6 {[%clk 1:51:23]} Bxb6 {[%clk 0:24:03]} 50. cxb6 {[%clk 1:51:46]} Kd6
{[%clk 0:24:23]} 51. a4 {[%clk 1:52:14]} a5 {[%clk 0:24:44]} 0-1

[Event "50+ German Senior Championship"]
[Site "Magdeburg"]
[Date "2021.07.25"]
[Round "3"]
[White "Kutzner, Joachim"]
[Black "Haag, Ulrich"]
[Result "1/2-1/2"]
[Board "8"]
[WhiteElo "1978"]
[WhiteCountry "GER"]
[WhiteFideId "4679407"]
[WhiteEloChange "4"]
[BlackElo "2110"]
[BlackCountry "GER"]
[BlackFideId "4656598"]
[BlackEloChange "-4"]

1. e4 {[%clk 1:30:30]} c6 {[%clk 1:29:20]} 2. d4 {[%clk 1:30:32]} d5 {[%clk
1:29:28]} 3. exd5 {[%clk 1:30:50]} cxd5 {[%clk 1:29:49]} 4. c4 {[%clk 1:31:11]}
Nf6 {[%clk 1:30:03]} 5. Nc3 {[%clk 1:31:27]} Nc6 {[%clk 1:29:42]} 6. Nf3 {[%clk
1:31:37]} Bg4 {[%clk 1:29:28]} 7. cxd5 {[%clk 1:31:37]} Nxd5 {[%clk 1:29:44]} 8.
Qb3 {[%clk 1:32:10]} Bxf3 {[%clk 1:28:46]} 9. gxf3 {[%clk 1:31:36]} e6 {[%clk
1:29:06]} 10. Qxb7 {[%clk 1:31:49]} Nxd4 {[%clk 1:29:24]} 11. Bb5+ {[%clk
1:31:49]} Nxb5 {[%clk 1:29:40]} 12. Qc6+ {[%clk 1:32:01]} Ke7 {[%clk 1:28:39]}
13. Qxb5 {[%clk 1:31:59]} Qd7 {[%clk 1:28:05]} 14. Nxd5+ {[%clk 1:31:59]} Qxd5
{[%clk 1:28:23]} 15. Bg5+ {[%clk 1:30:11]} f6 {[%clk 1:27:37]} 16. Qxd5 {[%clk
1:30:11]} exd5 {[%clk 1:27:59]} 17. Be3 {[%clk 1:29:57]} Ke6 {[%clk 1:25:20]} 18.
O-O {[%clk 1:29:43]} Bd6 {[%clk 1:15:27]} 19. Rfe1 {[%clk 1:27:35]} Kf7 {[%clk
1:12:55]} 20. Red1 {[%clk 1:20:43]} Rhd8 {[%clk 1:11:59]} 21. Rd3 {[%clk
1:20:06]} Rd7 {[%clk 1:09:29]} 22. f4 {[%clk 1:18:58]} Be7 {[%clk 0:57:52]} 23.
Rad1 {[%clk 1:14:41]} Rad8 {[%clk 0:53:26]} 24. f5 {[%clk 1:13:43]} g6 {[%clk
0:49:04]} 25. fxg6+ {[%clk 1:13:36]} hxg6 {[%clk 0:48:28]} 26. Kg2 {[%clk
1:11:18]} g5 {[%clk 0:42:30]} 27. Bd4 {[%clk 1:09:31]} Bd6 {[%clk 0:29:47]} 28.
Rf3 {[%clk 1:00:06]} Bf4 {[%clk 0:25:19]} 29. Ra3 {[%clk 1:00:04]} Be5 {[%clk
0:19:40]} 30. b4 {[%clk 0:38:51]} Ke6 {[%clk 0:12:40]} 31. Re3 {[%clk 0:36:44]}
Kf5 {[%clk 0:12:09]} 1/2-1/2